Fyzika pre 8. ročník špeciálnych základných škôl

Bibliographic Details
Main Authors: Lapitková, Viera, 1948- (Author), Brestenská, Eva, 1942- (Author)
Other Authors: Lapitková, Zuzana (ilustrátorka) (Illustrator), Lendel, Rudolf, 1950- (Photographer)
Format: Book
Language:Slovak
PhysicalDescription:100 s. ilustr., tab. 23 cm
Published: Bratislava Expol pedagogika 2014
ISBN:9788080913663
Edition:4. vyd.
Subjects:

MARC

LEADER 00000cam a2200000 a 4500
001 vtls010660018
003 SK-MaSNL
005 20260301215415.0
008 240315s2014 xo a c p 000 0 slo
015 |a SNBA2015/04 
020 |a 9788080913663  |q (brož.) 
035 |a 07E0E891-C2FC-4CA3-9047-AFD0A3E10D48 
035 |a urn:nbn:sk:snk-amjqf2 
035 |a urn:nbn:sk:snk-am003o8h 
040 |a SNK  |b slo  |c SNK  |e AACR2 
041 0 |a slo 
044 |a xo  |c SK 
072 7 |a 53  |x Fyzika  |2 konspekt 
080 |a 53  |2 2001 
080 |a (075.2)  |2 2001 
080 |a 376.1  |2 2001 
100 1 |a Lapitková, Viera,  |d 1948-  |4 aut  |9 213582 
245 1 0 |a Fyzika pre 8. ročník špeciálnych základných škôl  |c [autori: Viera Lapitková, Eva Brestenská ; ilustrácie Zuzana Lapitková ; autor fotografií: Rudolf Lendel] 
250 |a 4. vyd. 
260 |a Bratislava  |b Expol pedagogika  |c 2014 
300 |a 100 s.  |b ilustr., tab.  |c 23 cm 
650 0 7 |a fyzika  |2 SNKPH  |9 816 
650 0 7 |a Physics  |2 SNKPHeng  |9 266045 
650 0 7 |a špeciálne školy  |2 SNKPH  |9 60361 
650 0 7 |a Special schools  |2 SNKPHeng  |9 268713 
655 7 |a učebnice základných škôl  |2 SNKPH  |9 70187 
655 7 |a Textbooks (elementary)  |2 SNKPHeng  |9 276977 
700 1 |a Brestenská, Eva,  |d 1942-  |4 aut  |9 103251 
700 1 |a Lapitková, Zuzana  |c (ilustrátorka)  |4 ill  |9 213588 
700 1 |a Lendel, Rudolf,  |d 1950-  |4 pht  |9 99702 
852 |a Štátna vedecká knižnica v Banskej Bystrici 
919 |a 9788080913663 
999 |c 928049  |d 929979 
952 |a SNK  |b SNK  |y PREZ  |7 0  |p 17A1141565  |o snkSC 163730  |i snk2015/9227  |8 0  |0 0  |1 0  |4 0  |d 2015-03-17  |f 1  |l 0  |r 2025-08-27 00:00:00  |w 2026-02-24 
952 |a SNK  |b SNK  |y VYP  |7 0  |p 17A1141566  |o snkSC 163730 D1  |i snk2015/9228  |8 0  |0 0  |1 0  |4 0  |d 2015-03-17  |l 0  |r 2026-02-24 08:39:13  |w 2026-02-24